000 01068nam a22002777a 4500
001 51047
003 UA-OsUOA
005 20260129144009.0
007 ta
008 20071206b un ||||| |||| 00| 0 ukr d
020 _a5871680257
040 _aUA-OsUOA
_bukr
_cUA-OsUOA
_dUA-OsUOA
041 _aukr
080 _a94(477).09
090 _a94(477).09
_bС90
100 _aСусленський Я.
_923059
110 _aІнститут національних відносин і політології Академії наук України
_923060
245 _aСправжні герої: про участь громадян України у рятуваннні євреїв від фашистського геноциду
_cЯків Сусленський
260 _aК.
_bУкраїна
_c1993
300 _a150 с.
_bіл.
490 _aПраведники України
650 7 _a94(477) Історія України
_2UDC
_940
942 _cBK
_2udc
955 _a3
999 _c337141
_d337141